Giáo trình phương pháp đánh giá nhanh với sự tham gia của cộng đồng trong nghiên cứu khoa học xã hội
Nội dung bài giảng gồm hai phần: phần 1 trình bày các bài giảng nghiên cứu của nhiều tác giả khác nhau; phần 2 trình bày bài giảng power point.
Αποθηκεύτηκε σε:
| Κύριος συγγραφέας: | |
|---|---|
| Μορφή: | Βιβλίο |
| Γλώσσα: | Undetermined |
| Έκδοση: |
Thành phố Hồ Chí Minh
Đại học Quốc gia Thành phố Hồ Chí Minh
2014
|
| Θέματα: | |
| Ετικέτες: |
Προσθήκη ετικέτας
Δεν υπάρχουν, Καταχωρήστε ετικέτα πρώτοι!
|
| Thư viện lưu trữ: | Trung tâm Học liệu Trường Đại học Cần Thơ |
|---|
| LEADER | 01189nam a2200253Ia 4500 | ||
|---|---|---|---|
| 001 | CTU_237472 | ||
| 008 | 210402s9999 xx 000 0 und d | ||
| 020 | |c 17000 | ||
| 082 | |a 300.1 | ||
| 082 | |b L451 | ||
| 100 | |a Nguyễn, Đức Lộc | ||
| 245 | 0 | |a Giáo trình phương pháp đánh giá nhanh với sự tham gia của cộng đồng trong nghiên cứu khoa học xã hội | |
| 245 | 0 | |c Nguyễn Đức Lộc, Phan Thị KIm Liên, Dương Hiền Hạnh | |
| 260 | |a Thành phố Hồ Chí Minh | ||
| 260 | |b Đại học Quốc gia Thành phố Hồ Chí Minh | ||
| 260 | |c 2014 | ||
| 520 | |a Nội dung bài giảng gồm hai phần: phần 1 trình bày các bài giảng nghiên cứu của nhiều tác giả khác nhau; phần 2 trình bày bài giảng power point. | ||
| 526 | |a Sinh kế, đánh giá nông thôn có sự tham gia (PRA) | ||
| 526 | |b XN119 | ||
| 650 | |a Khoa học xã hội,Social sciences | ||
| 650 | |x Lý thuyết,Philosophy and theory | ||
| 904 | |i Tuyến | ||
| 910 | |a Tuyến | ||
| 980 | |a Trung tâm Học liệu Trường Đại học Cần Thơ | ||